|
|
|
|
| LEADER |
02050cas a2200253 a 4500 |
| 001 |
AALejournalIMF015116 |
| 008 |
230101c9999 xx r poo 0 0eng d |
| 020 |
|
|
|c 5.00 USD
|
| 020 |
|
|
|z 9781475531138
|
| 022 |
|
|
|a 1018-5941
|
| 040 |
|
|
|a BD-DhAAL
|c BD-DhAAL
|
| 100 |
1 |
|
|a Lam, Waikei.
|
| 245 |
1 |
0 |
|a China :
|b How Can Revenue Reforms Contribute to Inclusive and Sustainable Growth? /
|c Waikei Lam, Philippe Wingender.
|
| 264 |
|
1 |
|a Washington, D.C. :
|b International Monetary Fund,
|c 2015.
|
| 300 |
|
|
|a 1 online resource (30 pages)
|
| 490 |
1 |
|
|a IMF Working Papers
|
| 500 |
|
|
|a <strong>Off-Campus Access:</strong> No User ID or Password Required
|
| 500 |
|
|
|a <strong>On-Campus Access:</strong> No User ID or Password Required
|
| 506 |
|
|
|a Electronic access restricted to authorized BRAC University faculty, staff and students
|
| 520 |
3 |
|
|a Revenue reforms can contribute to more inclusive, green, and sustainable growth in China. Relative to OECD economies, fiscal policy in China is less redistributive. Options for promoting more inclusive growth include improving the progressivity of labor taxes (individual income tax and social security contributions), introducing a recurrent property tax, and finishing the transition to a comprehensive value-added tax. Higher environmental taxes, meanwhile, would promote more environment-friendly economy. These reforms could also significantly boost revenue, potentially by as much as 6 1\2 percent of GDP. Such increases in revenue could help reduce the deficit, finance priority social and infrastructure spending, and offset cuts in other taxes. We illustrate how these revenue reforms could be part of a comprehensive fiscal package that achieves the needed consolidation in the (augmented) deficit and foster higher quality growth.
|
| 538 |
|
|
|a Mode of access: Internet
|
| 700 |
1 |
|
|a Wingender, Philippe.
|
| 830 |
|
0 |
|a IMF Working Papers; Working Paper ;
|v No. 2015/066
|
| 856 |
4 |
0 |
|z Full text available on IMF
|u http://elibrary.imf.org/view/journals/001/2015/066/001.2015.issue-066-en.xml
|z IMF e-Library
|